• 首页
  • 本馆介绍
  • 公告通知
  • 最新文献
  • 馆藏检索
  • 电子资源
  • 读者导购
  • 参考咨询
  • 我的图书馆
  • 登录
  • 详细信息显示
  • 放入我的书架
  • 预约/预借图书
  • 作者相关作品
  • 分类相关作品
  • 丛书相关作品
  • 出版社相关作品

书目信息

  • 表格格式
  • 工作单格式
  • 卡片格式
题名:
管理学百年与中国管理学创新
    
 
作者: 陈佳贵 主编 ;中国企业管理研究会 , 中国社科院 编
分册:  
出版信息: 北京   经济管理出版社  2013
页数: 613页
开本: 29cm
丛书名:
单 册:
中图分类: F279.23
科图分类:
主题词: 企业管理--研究报告--中国--2012-2013 , 企业管理
电子资源:
ISBN: 978-7-5096-2695-5
000 01265nam0 2200289 450
001 519
005 20140909092918.96
010    @a978-7-5096-2695-5@dCNY198.00
100    @a20131129d2013 em y0chiy50 ea
101 0  @achi
102    @aCN@b110000
105    @ay z 000yy
106    @ar
200 1  @a管理学百年与中国管理学创新@AGuan Li Xue Bai Nian Yu Zhong Guo Guan Li Xue Chuang Xin@f中国企业管理研究会,中国社会科学院管理科学与创新发展研究中心编@FZhong Guo Qi Ye Guan Li Yan Jiu Hui, Zhong Guo She Hui Ke Xue Yuan Guan Li Ke Xue Yu Chuang Xin Fa Zhan Yan Jiu Zhong Xin Bian
210    @a北京@c经济管理出版社@d2013
215    @a613页@d29cm
300    @a中国企业管理研究会年度报告(2012~2013)
314    @a主编:陈佳贵
330    @a本书分为六篇,包括:管理理论发展与学科建设、企业成长与商业模式创新、公司治理与财务管理、组织行为与人力资源管理、产业集群与技术创新等。
606 0  @a企业管理@x研究报告@y中国@z2012-2013
606 0  @a企业管理
690    @aF279.23@v5
701  0 @a陈佳贵@AChen Jia Gui@f(1944.10~)@4主编
712 02 @a中国企业管理研究会@AZhong Guo Qi Ye Guan Li Yan Jiu Hui@4编
712 02 @a中国社科院@AZhong Guo She Ke Yuan@b管理科学与创新发展研究中心@4编
801  0 @aCN@bTANGWEI@c20140603
905    @b0837964-66@dF279.23@e1136@f3
    
    管理学百年与中国管理学创新/中国企业管理研究会,中国社会科学院管理科学与创新发展研究中心编.-北京:经济管理出版社,2013
    613页;29cm
    中国企业管理研究会年度报告(2012~2013)
    
    ISBN 978-7-5096-2695-5:CNY198.00
    本书分为六篇,包括:管理理论发展与学科建设、企业成长与商业模式创新、公司治理与财务管理、组织行为与人力资源管理、产业集群与技术创新等。
●
相关链接 在E读中查询图书 在五车中查询图书 在当当中查询图书 在豆瓣中查询图书


正题名:管理学百年与中国管理学创新     索取号:F279.23/1136         预约/预借

序号 登录号 条形码 馆藏地/架位号 状态 备注
1 0837964   208379645   第一样本阅览室/ [索取号:F279.23/1136] 在馆    
2 0837965   208379654   密集书库-海洋学院/ [索取号:F279.23/1136] 在馆    
3 0837966   208379663   第一借阅区/ [索取号:F279.23/1136] 在馆    
唐山师范学院图书馆 欢迎您!
大连网信软件有限公司© 版权所有